00000000nam##2200000za#4500
0019.693939
003CaOODSP
00520210624233906
007cr |||||||||||
008150407|2005||||xxc|||||o    f|0| 0 eng|d
040 |aCaOODSP|beng
043 |an-cn---
0861 |aEn108-4/49-2005E-PDF
1101 |aCanada.|bCanadian Council of Ministers of the Environment.
24510|aAcid Rain Task Group Workshop, discussion highlights |h[electronic resource]
260 |bCanadian Council of Ministers of the Environment |c[2005].
300 |a15p.
500 |a"February 23-24, 2005, Holiday Inn Plaza la Chaudière, 2, rue Montcalm, Gatineau, QC".
590 |a11-01-Supp|b2011-01-11
77508|tAtelier du Groupe de travail sur les pluies acides, points saillants des discussions |w(CaOODSP)9.638139
85640|ahttp://publications.gc.ca|qPDF|s66 Ko|uhttps://publications.gc.ca/collections/collection_2010/ccme/En108-4-49-2005-eng.pdf